Ngẫu nhiên và xác suất /
Zapisane w:
| 1. autor: | |
|---|---|
| Format: | Sách giấy |
| Język: | Vietnamese |
| Wydane: |
Hà Nội :
Khoa học,
1961
|
| Etykiety: |
Dodaj etykietę
Nie ma etykietki, Dołącz pierwszą etykiete!
|
| Thư viện lưu trữ: | Thư viện Trường Đại học Đà Lạt |
|---|
| LEADER | 00525nam a2200229 4500 | ||
|---|---|---|---|
| 001 | DLU020001275 | ||
| 005 | ##1/29/1999 | ||
| 041 | # | # | |a vie |
| 082 | # | # | |a 519.2 |b TH-S |
| 100 | # | # | |a Thái Thanh Sơn |
| 245 | # | # | |a Ngẫu nhiên và xác suất / |c Thái Thanh Sơn |
| 260 | # | # | |a Hà Nội : |b Khoa học, |c 1961 |
| 300 | # | # | |a 51 tr.; |c 19 cm |
| 992 | # | # | |a 176 |
| 994 | # | # | |a DLU |
| 900 | # | # | |a False |
| 911 | # | # | |a Administrator |
| 925 | # | # | |a G |
| 926 | # | # | |a A |
| 927 | # | # | |a SH |
| 980 | # | # | |a Thư viện Trường Đại học Đà Lạt |